00407nam a22001337a 4500008004100000020001800041040005500059080001200114245004300126260004900169300001500218650001200233700002800245230609b |||||||| |||| 00| 0 eng d a81-7319-689-3 aNational Science LibrarycNational Science Library a62 bP6 aCurrent trends in engineering practice aNew Delhi: bNarosa Publishing House, c2006 axvi, 643p. aScience aRamakrishnan, C V (Ed.)